000 00301nam a22001337a 4500
008 171011b xxu||||| |||| 00| 0 eng d
020 _a9780757511806
041 _aeng
080 _a316
100 _a50
101 _aSOC
245 _aFOCUS PERSPECTIVES IN SOCIOLOGY
_cTHOMPSON,T
942 _2udc
_cBK
999 _c33129
_d33129